[Event "Paris Apsap op1"]
[Site "Paris"]
[Date "1993.??.??"]
[Round "?"]
[White "Gervasio, T."]
[Black "Tran, Binh Hut"]
[Result "1-0"]
[WhiteElo "2285"]
[BlackElo "1850"]
[PlyCount "49"]
[EventDate "1993.??.??"]
[EventType "swiss"]
[EventRounds "9"]
[EventCountry "FRA"]
[SourceTitle "EXT 2004"]
[Source "ChessBase"]
[SourceDate "2003.11.25"]
[SourceVersion "1"]
[SourceVersionDate "2003.11.25"]
[SourceQuality "1"]

1. d4 d5 2. c4 c6 3. Nc3 Nf6 4. Nf3 dxc4 5. a4 Bf5 6. Ne5 e6 7. f3 Bb4 8. Nxc4 c5 9. dxc5 Qxd1+ 10. Kxd1 Bxc5 11. e4 Bg6 12. Nb5 Kd7 13. Ne5+ Kc8 14. Nd3 Rd8 15. Ke1 Be7 16. Bf4 Na6 17. Ne5 Nc5 18. Rc1 a6 19. Nc4 b6 20. Nc7 Ra7 21. Nxb6+ Kb7 22. a5 Nb3 23. Nxe6 Bb4+ 24. Kf2 Rd7 25. Nd8+ 1-0